00245nam a2200097Ia 4500008004100000100001600041245003500057260003400092300000900126650001200135191201s2014 xx 000 0 und d aTANEJA, S P 0aModern Physics for Engineering c2014bR Chand and CoaN.Delhi aMISC aAPPLIED